DC Injustice Characters - Statistics

General Stats
  • This quiz has been taken 963 times
    951 since last reset
  • The average score is 20 of 30
Answer Stats
Answer % Correct
Batman
98%
Superman
97%
Joker
91%
Flash
89%
Wonder Woman
88%
Green Lantern
85%
Harley Quinn
85%
Cyborg
79%
Nightwing
79%
Aquaman
77%
Green Arrow
75%
Shazam
71%
Bane
70%
Catwoman
70%
Lex Luthor
68%
Deathstroke
64%
Sinestro
63%
Black Adam
61%
Doomsday
58%
Batgirl
57%
Raven
57%
Solomon Grundy
57%
Martian Manhunter
54%
Hawkgirl
48%
Killer Frost
48%
Scorpion
48%
Zod
48%
Ares
47%
Lobo
47%
Zatanna
44%
No matching quizzes found
Score Distribution
Percent of People with Each Score
Percentile by Number Answered
Your Score History
You have not taken this quiz since the last reset